| 000 | 00505nam a2200181 4500 | ||
|---|---|---|---|
| 999 |
_c164257 _d164257 |
||
| 005 | 20190514171429.0 | ||
| 010 | _aENG-125186 | ||
| 020 | _c250.00 | ||
| 035 | _aEN-108718 | ||
| 037 | _bDBAD/PUB | ||
| 082 | _a793.319 | ||
| 100 | _aSharma, Seema | ||
| 245 |
_aFolk dances of India/ _cby Seema Sharma |
||
| 260 |
_aDelhi _bSeema Sharma _c2011 |
||
| 270 |
_aHouse No-29/32B, Gali No-12, Viswas Nagar _bShahdara _e110032 |
||
| 300 |
_a159p. _c22cm(Hb) |
||
| 942 |
_2ddc _cEN _h793.319 _mSEE |
||